Опыт разведки и направления открытия уникальных и крупных месторождений нефти и газа

গ্রন্থ-পঞ্জীর বিবরন
প্রধান লেখক: Шпильман И. А. Илья Абрамович
ভাষা:রুশ
প্রকাশিত: Оренбург, Оренбургское книжное изд-во, 1999
বিষয়গুলি:
বিন্যাস: গ্রন্থ
KOHA link:https://koha.lib.tpu.ru/cgi-bin/koha/opac-detail.pl?biblionumber=22042

MARC

LEADER 00000nam0a2200000 4500
001 22042
005 20231030194503.0
010 |a 5887880082 
035 |a (RuTPU)RU\TPU\book\22254 
035 |a BOOK00000016 
090 |a 22042 
100 |a 20011209d1999 k y0rusy50 ca 
101 0 |a rus 
102 |a RU 
105 |a y z 000zy 
200 1 |a Опыт разведки и направления открытия уникальных и крупных месторождений нефти и газа  |f И. А. Шпильман 
210 |a Оренбург  |c Оренбургское книжное изд-во  |d 1999 
215 |a 168 с. 
610 1 |a Татарстан 
610 1 |a месторождения 
610 1 |a нефть 
610 1 |a газ 
610 1 |a Оренбургская область 
610 1 |a разведка 
610 1 |a инвестиции 
675 |a 553  |v 3 
700 1 |a Шпильман  |b И. А.  |g Илья Абрамович 
801 0 |a RU  |b 63413507  |c 20011209  |g PSBO 
801 2 |a RU  |b 63413507  |c 20040716  |g PSBO 
942 |c BK